Nghệ thuật Chămpa : Câu chuyện của những pho tượng cổ

Giới thiệu nền nghệ thuật Chămpa chủ yếu thông qua những pho tượng. Từ đó dễ dàng phân tích, đánh giá, và giới thiệu đến bạn đọc những giá trị rộng hơn cả về văn hóa lẫn nghệ thuật Chămpa...

詳細記述

保存先:
書誌詳細
第一著者: Ngô, Văn Doanh
フォーマット: 図書
言語:Undetermined
出版事項: Hà Nội Mỹ thuật 2016
主題:
タグ: タグ追加
タグなし, このレコードへの初めてのタグを付けませんか!
Thư viện lưu trữ: Trung tâm Học liệu Trường Đại học Cần Thơ
LEADER 00896nam a2200205Ia 4500
001 CTU_216899
008 210402s9999 xx 000 0 und d
082 |a 730 
082 |b D408 
100 |a Ngô, Văn Doanh 
245 0 |a Nghệ thuật Chămpa : 
245 0 |b Câu chuyện của những pho tượng cổ 
245 0 |c Ngô Văn Doanh 
260 |a Hà Nội 
260 |b Mỹ thuật 
260 |c 2016 
520 |a Giới thiệu nền nghệ thuật Chămpa chủ yếu thông qua những pho tượng. Từ đó dễ dàng phân tích, đánh giá, và giới thiệu đến bạn đọc những giá trị rộng hơn cả về văn hóa lẫn nghệ thuật Chămpa 
650 |a Điêu khắc,Sculpture 
904 |i Yến (Nguyên) 
980 |a Trung tâm Học liệu Trường Đại học Cần Thơ